Ako si správne vybrať zamestnancov

Výber zamestnancov - jedna z dôležitejších úloh firmy. Možnosti výberu - prostredníctvom personálnej spoločnosti, vo vlastnej režii. Výhody a nevýhody oboch. Hodnotenie ľudí.

Enregistré dans:
Détails bibliographiques
Auteur principal: Berezňák, Michal
Format: Chapitre de livre
Langue:slovaque
Sujets:
Tags: Ajouter un tag
Pas de tags, Soyez le premier à ajouter un tag!

MARC

LEADER 00000naa$a2200000$$$4500
001 0028729
005 20231006120643.8
041 0 |a slo 
044 |a SK 
245 1 0 |a Ako si správne vybrať zamestnancov  |c Michal Berezňák 
520 |a Výber zamestnancov - jedna z dôležitejších úloh firmy. Možnosti výberu - prostredníctvom personálnej spoločnosti, vo vlastnej režii. Výhody a nevýhody oboch. Hodnotenie ľudí. 
610 2 0 |a podnik 
610 2 0 |a výber pracovníkov 
610 2 0 |a manažment personálny 
610 2 0 |a Slovensko 
100 1 |a Berezňák, Michal